| 000 | 00501nam a22001697a 4500 | ||
|---|---|---|---|
| 005 | 20251108165027.0 | ||
| 008 | 250721s1997 xx 000 0 ara d | ||
| 082 | 1 | 4 | _a542/شوا |
| 100 | 1 | _aشواهين، خير | |
| 245 | 1 | 0 | _aإصنع بنفسك خمسين جهازاً بإستخدام خامات البيئة / |
| 264 |
_bالمؤلف، _c1997. |
||
| 300 | _a123ص | ||
| 650 | 1 | 7 | _aالمختبرات |
| 650 | 1 | 7 | _aالمختبرات التعليمية |
| 942 |
_2ddc _cBK |
||
| 999 |
_c20257 _d20257 |
||